| 000 | 00873nam a2200253 u 4500 | ||
|---|---|---|---|
| 005 | 20240831063802.0 | ||
| 008 | 150218s1992 r 000 0 eng d | ||
| 020 | _a8476470436 | ||
| 035 | _aUPN01000201794 | ||
| 049 | _aI | ||
| 050 | 4 |
_aPQ6668 O3.75 _bA5.4 |
|
| 100 | 1 |
_aRodríguez Almodóvar, Antonio, _d1941- _930636 |
|
| 245 | 1 | 4 |
_aLos animales miedosos ; El tonto de mi pueblo ; Los tres toritos ; El medio pollito y el medio real / _cA. R. Almodóvar ; il. Roser Rius. |
| 260 |
_aSalamanca, Esp. : _bAlgaida, _c1992. |
||
| 300 |
_a72 p. : _bil. col. |
||
| 440 | 0 |
_aCuentos de la media lunita ; _v4 |
|
| 650 | 4 |
_aCuentos infantiles españoles _97725 |
|
| 650 | 4 |
_aLibros y lectura para niños _92290 |
|
| 740 | 3 | _aEl tonto de mi pueblo | |
| 740 | 4 | _aLos tres toritos | |
| 740 | 3 | _aEl medio pollito y el medio real | |
| 905 | _aInfantil | ||
| 999 |
_c173895 _d173895 |
||